| 000 | 00366nam a2200133Ia 4500 | ||
|---|---|---|---|
| 008 | 231129s2011||||xx |||||||||||||| ||spa|| | ||
| 020 | _a978-958-99339-6-1 | ||
| 082 | _aER- 438 | ||
| 100 | _aOssa Echeverri Germán A. | ||
| 245 | 0 | _aDiccionario del desamor | |
| 260 | _c2011 | ||
| 264 | _aPereira: Grafitel 2011 | ||
| 942 |
_2ddc _cBKS |
||
| 999 |
_c9413 _d9413 |
||